| 000 | 00895cam a22003251 4500 | ||
|---|---|---|---|
| 001 | 6009790 | ||
| 003 | OSt | ||
| 005 | 20211029160404.0 | ||
| 008 | 750418s1947 xx 000 0 eng | ||
| 010 | _a 48000358 | ||
| 020 | _a9781420092509 | ||
| 035 | _a(OCoLC)1285739 | ||
| 038 | _akhadija | ||
| 040 |
_aDLC _cFM _dDLC |
||
| 042 | _apremarc | ||
| 050 | 0 | 0 |
_aTJ285 _b.D4 |
| 082 |
_a621.4023 _bRAG |
||
| 100 | 1 |
_aRagland, Kenneth W. _d2011- _eed. _983555 |
|
| 245 | 1 | 0 |
_aCombustion engineering / _cKenneth W. Regland |
| 250 | _a2nd Ed | ||
| 260 |
_aNew York, _bCombustion Engineering, Inc., _c[2011] |
||
| 300 | _a1 v. (various pagings) | ||
| 563 | _aHardcover | ||
| 650 | 0 |
_aSteam-boilers. _941120 |
|
| 650 | 0 |
_aStokers, Mechanical. _983556 |
|
| 650 | 0 |
_aFurnaces. _941788 |
|
| 650 | 0 |
_aFuel. _944800 |
|
| 906 |
_a7 _bcbc _coclcrpl _du _encip _f19 _gy-gencatlg |
||
| 942 |
_2ddc _cBK |
||
| 999 |
_c32817 _d32817 |
||